| 000 | 01244nam a2200361 i 4500 | ||
|---|---|---|---|
| 003 | CO-BoRNBP | ||
| 005 | 20241003102308.0 | ||
| 007 | ta | ||
| 008 | 180724s2017 ck ao gr 000 0 spa d | ||
| 020 | _a9789584262011 | ||
| 020 | _a9584262017 | ||
| 040 |
_aCO-BoBLA _bspa _cCO-BoBLA _erda |
||
| 041 | 0 | _aspa | |
| 043 | _ae-sp--- | ||
| 082 | 0 | 4 |
_a920 _bB58m1 _219 |
| 100 | 1 |
_aBlum de Barberi, Claudia, _d1948- _942711 |
|
| 245 | 1 | 0 |
_aMi vida en lápiz / _cClaudia Blum. |
| 250 | _aPrimera edición. | ||
| 264 | 1 |
_aBogotá : _bEditorial Planeta Colombiana, _c2017. |
|
| 300 |
_a456 páginas : _bilustraciones, fotografías ; _c23 cm. |
||
| 336 |
_atexto _btxt [ _2rdacontent] |
||
| 337 |
_asin mediación _bn [ _2rdamedia] |
||
| 338 |
_avolumen _bnc [ _2rdacarrier] |
||
| 500 | _aGlosario : p. 448-453. | ||
| 600 | 1 | 7 |
_aBlum de Barberi, Claudia, _d1948-. _942711 |
| 650 | 7 |
_aMujeres en la política. _zColombia. _2BLAAUTO _942712 |
|
| 650 | 7 |
_aPolíticos _zColombia _vBiografías _vEnsayos, conferencias, etc. _2BLAAUTO _942713 |
|
| 650 | 7 |
_aPsicología de la mujer _2BLAAUTO _912476 |
|
| 700 | 1 |
_aCepeda Aparicio, Ludwing, _eCorrección de estilo _91092 |
|
| 700 | 1 |
_aBensimon, Gilles, _efotógrafa _942714 |
|
| 942 |
_2ddc _cBK |
||
| 949 |
_ac _bc |
||
| 999 |
_c38394 _d38394 |
||